000 00746nam a22002537a 4500
001 BR7405795
003 BR-BrBNA
005 20230928084620.0
007 ta
008 230509b bl.||||| |||| 00| 0 por d
040 _aBR-BrBNA
_bpor
_cBiblioteca Nacional de Agricultura
041 _a(Por)
072 _aM00
_b/G514
090 _ M00 BR7405795
110 1 _aBanco Nacional de Desenvolvimento Economico, Brasilia, DF (Brasil)
_91209
245 1 _aO setor de pesca: desempenho de empresas e aspectos setoriais [Brasil]
260 3 _aBrasilia, DF (Brasil):
_c1974.
300 _a88 p.
650 _aPESCA
650 _aDESENVOLVIMENTO PESQUEIRO
650 _aINDUSTRIA PESQUEIRA
909 _a202309
_bLucia
_c55
_dLucia Elande
942 _cBK
999 _c20098
_d20098